Métro parisien : Associe la station à la ligne - Statistiques

Statistiques générales
  • Ce quiz a été pris 136 fois
  • Le résultat moyen est 67 sur 150
Statistiques - réponses
Hint Réponse % Correct
Aéroport d'Orly 14
71%
La Défense 1
67%
Porte de Vincennes 1
66%
Créteil - L'Échat 8
64%
Louvre - Rivoli 1
62%
Saint-Denis - Université 13
61%
Créteil - Université 8
61%
Bagneux - Lucie Aubrac 4
60%
Bobigny - Pablo Picasso 5
60%
Villejuif - Paul Vaillant-Couturier 7
60%
Tuileries 1
58%
Gallieni 3
58%
Bobigny - Pantin - Raymond Queneau 5
58%
Château d'Eau 4
57%
Villejuif - Léo Lagrange 7
57%
Saint-Paul 1
56%
Porte de Clignancourt 4
56%
Porte de Montreuil 9
56%
Les Sablons 1
55%
Argentine 1
54%
Front populaire 12
54%
Saint-Placide 4
54%
Porte de Pantin 5
54%
Mairie de Clichy 13
53%
Blanche 2
53%
Victor Hugo 2
53%
Les Halles 4
53%
Dupleix 6
53%
Mairie d'Ivry 7
53%
Pointe du Lac 8
53%
Porte Maillot 1
52%
Abbesses 12
52%
Glacière 6
52%
Maisons-Alfort - Les Juilliottes 8
52%
École vétérinaire de Maisons-Alfort 8
52%
Pont de Neuilly 1
51%
Cluny - La Sorbonne 10
51%
Porte de Versailles 12
51%
Assemblée nationale 12
51%
Bourse 3
51%
Château Rouge 4
51%
Église de Pantin 5
51%
Nationale 6
51%
Porte d'Ivry 7
51%
Malakoff - Rue Étienne-Dolet 13
49%
Sentier 3
49%
Quai de la Rapée 5
49%
Corvisart 6
49%
Le Kremlin-Bicêtre 7
49%
Ranelagh 9
49%
Rome 2
48%
Saint-Michel 4
48%
Place Monge 7
48%
Porte de la Villette 7
48%
Javel - André Citroën 10
47%
Boulogne - Jean Jaurès 10
46%
Notre-Dame-des-Champs 12
46%
Trinité - d'Estienne d'Orves 12
46%
Gabriel Péri 13
46%
Cour Saint-Émilion 14
46%
La Chapelle 2
46%
Mairie de Montrouge 4
46%
Kléber 6
46%
Picpus 6
46%
Les Gobelins 7
46%
Saint-Philippe du Roule 9
46%
Mabillon 10
45%
Maubert - Mutualité 10
45%
Convention 12
45%
Vaugirard 12
45%
Solférino 12
45%
Carrefour Pleyel 13
45%
Ternes 2
45%
Barbara 4
45%
Quai de la Gare 6
45%
Saint-Jacques 6
45%
Alexandre Dumas 2
44%
Jacques Bonsergent 5
44%
Rue du Bac 12
43%
Saint-Ouen 14
43%
Monceau 2
43%
Porte de Charenton 8
43%
Jasmin 9
43%
Rue de la Pompe 9
43%
Saint-Mandé 1
42%
Mairie des Lilas 11
42%
Courcelles 2
42%
Simplon 4
42%
Étienne Marcel 4
42%
Richard-Lenoir 5
42%
Cambronne 6
42%
Ledru-Rollin 8
42%
Alma - Marceau 9
42%
Porte d'Auteuil 10
40%
Pyrénées 11
40%
Aimé Césaire 12
40%
Jules Joffrin 12
40%
Les Courtilles 13
40%
Boissière 6
40%
Boucicaut 8
40%
Ségur 10
39%
Charles Michels 10
39%
Volontaires 12
39%
Saint-François-Xavier 13
39%
Porte de Saint-Ouen 13
39%
Parmentier 3
39%
Avenue Émile-Zola 10
38%
Corentin Celton 12
38%
Saint-Denis Pleyel 14
38%
Bréguet - Sabin 5
38%
Dugommier 6
38%
Censier - Daubenton 7
38%
Saint-Sébastien - Froissart 8
38%
Faidherbe - Chaligny 8
38%
Rue des Boulets 9
38%
Billancourt 9
38%
Cardinal Lemoine 10
37%
Jourdain 11
37%
Ménilmontant 2
37%
Mouton-Duvernet 4
37%
Voltaire 9
37%
Bérault 1
36%
Varenne 13
36%
Liège 13
36%
Goncourt 11
35%
Rambuteau 11
35%
Malesherbes 3
35%
Charonne 9
35%
Robespierre 9
35%
Brochant 13
34%
Philippe Auguste 2
34%
Pelleport 3bis
34%
Pré-Saint-Gervais 7bis
34%
Buttes Chaumont 7bis
34%
Saint-Ambroise 9
34%
Mirabeau 10
33%
Montreuil - Hôpital 11
33%
Garibaldi 13
33%
Chevilly-Larue 14
33%
Hôpital Bicêtre 14
31%
Aubervilliers - Pantin - Quatre Chemins 7
31%
Maraîchers 9
31%
Marcel Sembat 9
31%
Villejuif - Gustave Roussy 14
30%
Botzaris 7bis
30%
La Dhuys 11
29%
Bolivar 7bis
29%
Rue Saint-Maur 3
28%
Michel Bizot 8
28%
Saint-Fargeau 3bis
22%
Aucun quiz correspondant
Distribution des résultats
% des personnes avec chaque résultat
Percentile par nombre de réponses
Votre historique - résultats
Vous n’avez pas pris ce quiz